[Event "MFR_HT_2015"]
[Site "Nürnberg"]
[Date "2015.04.03"]
[Round "8.8"]
[White "Kotz, Reinhard"]
[Black "Walter, Thomas"]
[Result "1-0"]
[WhiteElo "2163"]
[BlackElo "2149"]
[PlyCount "111"]
[EventDate "2015.??.??"]
[WhiteTeam "SV Puschendorf"]
[BlackTeam "SC Erlangen"]

1. f4 c5 2. Nf3 g6 3. g3 Bg7 4. Bg2 Nc6 5. O-O d5 6. d3 Nf6 7. c3 O-O 8. Qe1 b5
9. Nbd2 Qb6 10. h3 a5 11. Kh2 c4 12. dxc4 dxc4 13. a4 Rb8 14. axb5 Qxb5 15. e4
Qh5 16. e5 Ng4+ 17. Kg1 Ngxe5 18. Nxe5 Nxe5 19. fxe5 Bxh3 20. Rxa5 Rfd8 21. Bf3
Bg4 22. Qe4 Rd3 23. Qxg4 Qxg4 24. Bxg4 Rxg3+ 25. Kf2 Rxg4 26. Nf3 h5 27. Rg1
Rxg1 28. Kxg1 f6 29. Kf2 Rc8 30. Rb5 Rc6 31. Be3 Ra6 32. Bd4 g5 33. exf6 exf6
34. Nxg5 Ra8 35. Nf3 Ra2 36. Nd2 Ra4 37. Rxh5 Kf7 38. Rc5 Bf8 39. Rc7+ Ke6 40.
Nxc4 Ra2 41. Rb7 f5 42. Kf3 Kd5 43. Ne3+ Kc6 44. Rf7 f4 45. Rxf8 fxe3 46. Kxe3
Rxb2 47. Rf6+ Kd7 48. c4 Rb1 49. c5 Rc1 50. Ke4 Rh1 51. Kd5 Rd1 52. Rf7+ Kd8
53. Rh7 Rd2 54. c6 Kc8 55. Kc5 Rd1 56. Rh8+ 1-0

[Event "MFR_HT_2015"]
[Site "Nürnberg"]
[Date "2015.04.03"]
[Round "8.9"]
[White "Vogiatzis, Dimitrios"]
[Black "Erlbeck, Peter"]
[Result "1/2-1/2"]
[WhiteElo "2086"]
[BlackElo "2091"]
[PlyCount "41"]
[EventDate "2015.??.??"]
[WhiteTeam "SC NT Nürnberg"]
[BlackTeam "SW Nürnberg Süd"]

1. d4 f5 2. e4 fxe4 3. Nc3 Nf6 4. Bg5 Nc6 5. d5 Ne5 6. Qd4 Nf7 7. Bxf6 gxf6 8.
Qxe4 c6 9. Nf3 Qb6 10. Rb1 Bg7 11. Nd2 f5 12. Qxf5 d6 13. Qh5 O-O 14. Bd3 Nh6
15. O-O Bf5 16. Nc4 Qd4 17. dxc6 Bxd3 18. cxd3 bxc6 19. Qe2 Qh4 20. Rbe1 d5 21.
Ne5 1/2-1/2

[Event "MFR_HT_2015"]
[Site "Nürnberg"]
[Date "2015.04.03"]
[Round "8.11"]
[White "Auburger, Philipp"]
[Black "Giering, Götz"]
[Result "1-0"]
[WhiteElo "1978"]
[BlackElo "1766"]
[PlyCount "51"]
[EventDate "2015.??.??"]
[WhiteTeam "SC Forchheim"]
[BlackTeam "SV Lauf"]

1. e4 c6 2. c4 d5 3. cxd5 cxd5 4. exd5 Nf6 5. Bb5+ Bd7 6. Bc4 Qb6 7. Nf3 Ne4 8.
O-O Nd6 9. d3 g6 10. Be3 Qc7 11. Bd4 Rg8 12. Nbd2 Bg7 13. Re1 b5 14. Bb3 Na6
15. Qe2 Bf5 16. Rac1 Qb7 17. a4 Nb4 18. Ne4 Nxe4 19. dxe4 Bd7 20. a5 g5 21.
Bxg7 Rxg7 22. Qd2 g4 23. Nd4 g3 24. Qxb4 gxh2+ 25. Kh1 Qb8 26. Nf5 1-0

[Event "MFR_HT_2015"]
[Site "Nürnberg"]
[Date "2015.04.03"]
[Round "8.12"]
[White "Böhme, Markus"]
[Black "Planner, Jörg"]
[Result "1-0"]
[WhiteElo "1849"]
[BlackElo "1847"]
[PlyCount "93"]
[EventDate "2015.??.??"]
[WhiteTeam "SC Uttenreuth"]
[BlackTeam "SC Heilsbronn"]

1. b3 e5 2. Bb2 Nc6 3. e3 d5 4. Bb5 Bd6 5. f4 Qe7 6. Nf3 Bg4 7. fxe5 Bxf3 8.
exd6 Qh4+ 9. g3 Qg4 10. Be2 Bxe2 11. Qxe2 Qxe2+ 12. Kxe2 f6 13. dxc7 Kd7 14.
Nc3 Nge7 15. Nb5 a6 16. Nd4 Nxd4+ 17. Bxd4 Kxc7 18. a3 Nc6 19. Kd3 Nxd4 20.
Kxd4 Rhe8 21. Rhf1 Re4+ 22. Kd3 Rd8 23. Rf5 Re7 24. Raf1 Rd6 25. g4 h6 26. h4
Kc6 27. g5 hxg5 28. hxg5 Ree6 29. gxf6 gxf6 30. Rh1 Re7 31. Rh6 Rf7 32. Kd4 b5
33. Rh8 Kb7 34. Rhh5 Rc6 35. c3 Rg7 36. Rxd5 Rg1 37. Rd7+ Kb6 38. b4 Rg4+ 39.
Kd3 Rg8 40. Rhh7 Rb8 41. Rhe7 a5 42. e4 Ra8 43. Kc2 axb4 44. axb4 Ka6 45. d4 f5
46. exf5 Rh6 47. Re6+ 1-0

[Event "MFR_HT_2015"]
[Site "Nürnberg"]
[Date "2015.04.03"]
[Round "8.13"]
[White "Brenner, Christian"]
[Black "Rausch, Wolfgang sr"]
[Result "1-0"]
[WhiteElo "2049"]
[BlackElo "1881"]
[PlyCount "63"]
[EventDate "2015.??.??"]
[WhiteTeam "Zabo-Eintr Nürnberg"]
[BlackTeam "SW Nürnberg Süd"]

1. e4 e5 2. Nf3 Nf6 3. Nc3 d6 4. d4 Nbd7 5. Bc4 Be7 6. O-O O-O 7. a4 c6 8. a5
Qc7 9. Re1 h6 10. Ba2 Rb8 11. Nh4 b5 12. Ng6 Re8 13. Nxe7+ Rxe7 14. dxe5 dxe5
15. Qf3 Kh7 16. Be3 g6 17. b4 Kg7 18. Rad1 Ne8 19. Rd3 Ndf6 20. h3 Rd7 21. Red1
Rxd3 22. Rxd3 Rb7 23. Bc5 Qb8 24. Qe3 a6 25. Qg3 Rd7 26. Ne2 Rxd3 27. cxd3 Qc7
28. f4 Nh5 29. Qf3 exf4 30. e5 Be6 31. Bxe6 fxe6 32. g4 1-0

[Event "MFR_HT_2015"]
[Site "Nürnberg"]
[Date "2015.04.03"]
[Round "8.14"]
[White "Link, Andreas"]
[Black "Balhar, Michael"]
[Result "1-0"]
[WhiteElo "1983"]
[BlackElo "1779"]
[PlyCount "37"]
[EventDate "2015.??.??"]
[WhiteTeam "Zabo-Eintr Nürnberg"]
[BlackTeam "SC Erlangen"]

1. e4 e5 2. Nf3 Nf6 3. Nxe5 Qe7 4. d4 d6 5. Nf3 Nxe4 6. Be2 d5 7. O-O Bg4 8. c4
c6 9. Nc3 Qc7 10. cxd5 Nxc3 11. bxc3 cxd5 12. Re1 Be7 13. Qb3 Be6 14. Rb1 b6
15. Bb5+ Kf8 16. Ng5 Bxg5 17. Bxg5 Nd7 18. c4 dxc4 19. Qf3 1-0

[Event "MFR_HT_2015"]
[Site "Nürnberg"]
[Date "2015.04.03"]
[Round "8.15"]
[White "Drees, Martin"]
[Black "Schlötterer, Hermann"]
[Result "1/2-1/2"]
[WhiteElo "1942"]
[BlackElo "1911"]
[PlyCount "63"]
[EventDate "2015.??.??"]
[WhiteTeam "TSV Cadolzburg"]
[BlackTeam "Zabo-Eintr Nürnberg"]

1. e4 c5 2. c3 d5 3. exd5 Qxd5 4. d4 Nf6 5. Nf3 Bg4 6. Be2 e6 7. Na3 Be7 8. O-O
O-O 9. Nc2 cxd4 10. cxd4 Qd8 11. Be3 Nd5 12. h3 Bh5 13. Ne5 Bxe2 14. Qxe2 Nd7
15. Rac1 N7f6 16. Bg5 Rc8 17. Ne3 Rc7 18. Nxd5 Nxd5 19. Rxc7 Nxc7 20. Bxe7 Qxe7
21. Rc1 Nd5 22. Nf3 h6 23. Qc4 Qf6 24. Qa4 Nf4 25. Kh2 Qg6 26. g3 Qe4 27. Qd1
Nd5 28. Kg2 Nf6 29. Qc2 Qd5 30. Qc4 Qe4 31. Qc2 Qd5 32. Qc4 1/2-1/2

[Event "MFR_HT_2015"]
[Site "Nürnberg"]
[Date "2015.04.04"]
[Round "9.1"]
[White "Bachstein, Dustin"]
[Black "Miller, Eduard"]
[Result "1/2-1/2"]
[WhiteElo "2108"]
[BlackElo "2157"]
[PlyCount "21"]
[EventDate "2015.??.??"]
[WhiteTeam "SC Erlangen"]
[BlackTeam "SC Erlangen"]

1. d4 e6 2. e4 Nc6 3. d5 Ne5 4. f4 exd5 5. fxe5 Qh4+ 6. Ke2 Qh5+ 7. Kd2 Qh6+ 8.
Kd3 Qa6+ 9. Kd2 Qh6+ 10. Ke1 Qh4+ 11. Kd2 1/2-1/2

[Event "MFR_HT_2015"]
[Site "Nürnberg"]
[Date "2015.04.04"]
[Round "9.3"]
[White "Meulner, Klaus"]
[Black "Tong, Kevin"]
[Result "1-0"]
[WhiteElo "2129"]
[BlackElo "1859"]
[PlyCount "41"]
[EventDate "2015.??.??"]
[WhiteTeam "SW Nürnberg Süd"]
[BlackTeam "SC Erlangen"]

1. d4 d5 2. c4 c6 3. Nc3 Nf6 4. e3 Bf5 5. cxd5 cxd5 6. Qb3 Qd7 7. Nf3 e6 8. Ne5
Qc7 9. e4 Nxe4 10. g4 Bg6 11. Nxg6 hxg6 12. Nxe4 dxe4 13. Bf4 Qd7 14. Bxb8 Qxd4
15. Bb5+ Ke7 16. Rd1 Qb6 17. Rd7+ Kf6 18. g5+ Kf5 19. Rxf7+ Kxg5 20. Rg1+ Kh4
21. Qg3+ 1-0

[Event "MFR_HT_2015"]
[Site "Nürnberg"]
[Date "2015.04.04"]
[Round "9.4"]
[White "Kroneder, Christian"]
[Black "Kotz, Reinhard"]
[Result "0-1"]
[WhiteElo "2067"]
[BlackElo "2163"]
[PlyCount "64"]
[EventDate "2015.??.??"]
[WhiteTeam "SK Schwanstetten"]
[BlackTeam "SV Puschendorf"]

1. e4 c5 2. Nc3 Nc6 3. Bb5 a6 4. Bxc6 dxc6 5. d3 Nf6 6. Be3 b6 7. h3 g6 8. Qd2
h5 9. Nge2 Bg7 10. f4 Qc7 11. e5 Nd5 12. Ne4 f6 13. exf6 exf6 14. O-O-O Be6 15.
c4 Nxe3 16. Qxe3 Kf7 17. Rdf1 Rhe8 18. N2g3 Qd7 19. f5 Bxf5 20. Nxf5 gxf5 21.
Rxf5 Qxf5 22. Nd6+ Kg6 23. Nxf5 Rxe3 24. Nxe3 Bh6 25. Re1 Re8 26. Kd2 f5 27. g3
h4 28. gxh4 Kh5 29. b4 Kxh4 30. a4 Rxe3 31. Rxe3 Bxe3+ 32. Kxe3 Kg3 0-1

[Event "MFR_HT_2015"]
[Site "Nürnberg"]
[Date "2015.04.04"]
[Round "9.7"]
[White "Wagner, Florian"]
[Black "Wittmann, Helmut"]
[Result "1/2-1/2"]
[WhiteElo "2145"]
[BlackElo "2103"]
[PlyCount "98"]
[EventDate "2015.??.??"]
[WhiteTeam "SC NT Nürnberg"]
[BlackTeam "BSG Wöhrlhaus"]

1. e4 e6 2. d4 b6 3. Nf3 Bb7 4. Bd3 c5 5. c3 Nf6 6. e5 Nd5 7. a3 Be7 8. Qe2
cxd4 9. cxd4 Qc8 10. O-O Ba6 11. Bd2 Bxd3 12. Qxd3 Qa6 13. Qe4 Nc6 14. Nc3 f5
15. Qb1 Nxc3 16. Bxc3 Qc4 17. Qa2 Qd5 18. Qxd5 exd5 19. Nd2 Rc8 20. f4 Kf7 21.
Rf3 b5 22. Nb3 Bd8 23. Nc5 a5 24. Nxd7 b4 25. axb4 axb4 26. Bd2 Nxd4 27. Rd3
Nc2 28. Ra7 Ke6 29. g4 fxg4 30. f5+ Kxf5 31. Rxd5 Ke4 32. Rb5 Be7 33. e6 Nd4
34. Re5+ Kd3 35. Rd5 Ke4 36. Re5+ Kd3 37. Rd5 Kxd2 38. Rxd4+ Ke3 39. Rxg4 Rc1+
40. Kg2 Rc2+ 41. Kh3 Bd6 42. Rg2 Rxg2 43. Kxg2 Re8 44. Nb6 Bc5 45. Rb7 Rxe6 46.
Nd5+ Kd4 47. Nxb4 Bd6 48. Rxg7 Re2+ 49. Kf3 Rxh2 1/2-1/2

[Event "MFR_HT_2015"]
[Site "Nürnberg"]
[Date "2015.04.04"]
[Round "9.8"]
[White "Walter, Thomas"]
[Black "Auburger, Philipp"]
[Result "1-0"]
[WhiteElo "2149"]
[BlackElo "1978"]
[PlyCount "65"]
[EventDate "2015.??.??"]
[WhiteTeam "SC Erlangen"]
[BlackTeam "SC Forchheim"]

1. e4 e5 2. Nc3 Nf6 3. a3 Nc6 4. Nf3 d5 5. Bb5 Nxe4 6. Nxe5 Qg5 7. Nxc6 Qxg2 8.
Rf1 Bc5 9. d4 a6 10. dxc5 Nxc3 11. bxc3 axb5 12. Qe2+ Be6 13. Nd4 O-O 14. f4
Qh3 15. Qf3 Rfe8 16. Be3 Qh4+ 17. Kd2 f5 18. Qg3 Qe7 19. Rg1 g6 20. h4 b6 21.
cxb6 c5 22. Nxb5 d4 23. cxd4 Bc4 24. Nc7 cxd4 25. Bxd4 Qd6 26. Kc3 Re4 27. Rgd1
Rxa3+ 28. Rxa3 Qxa3+ 29. Kxc4 Qxg3 30. b7 Re8 31. Nxe8 Qxf4 32. Rb1 Qe4 33.
Nf6+ 1-0

[Event "MFR_HT_2015"]
[Site "Nürnberg"]
[Date "2015.04.04"]
[Round "9.9"]
[White "Erlbeck, Peter"]
[Black "Brenner, Christian"]
[Result "0-1"]
[WhiteElo "2091"]
[BlackElo "2049"]
[PlyCount "106"]
[EventDate "2015.??.??"]
[WhiteTeam "SW Nürnberg Süd"]
[BlackTeam "Zabo-Eintr Nürnberg"]

1. e4 c5 2. Nc3 Nc6 3. f4 g6 4. Nf3 Bg7 5. Bc4 d6 6. O-O e6 7. d3 Nge7 8. Qe1
Nd4 9. Nxd4 cxd4 10. Ne2 Nc6 11. f5 O-O 12. Ng3 Ne5 13. Bb3 a5 14. a4 Ra6 15.
Bd2 exf5 16. exf5 d5 17. fxg6 hxg6 18. Ne2 Ng4 19. Nf4 Re8 20. Qg3 Ne3 21. Rfe1
Rd6 22. h3 Be5 23. Bxe3 dxe3 24. Qxe3 g5 25. Nh5 Bh2+ 26. Kxh2 Rxe3 27. Rxe3
Rh6 28. Rae1 Qd6+ 29. Ng3 Be6 30. Kg1 Qf4 31. Nf1 g4 32. g3 Qd4 33. h4 Rf6 34.
Kg2 Qxb2 35. R3e2 d4 36. Nd2 Bxb3 37. Nxb3 Qc3 38. Re8+ Kg7 39. R1e2 Rf3 40.
R8e4 Re3 41. Rxg4+ Kf8 42. Rf2 Qc6+ 43. Re4 Rxe4 44. dxe4 Qxe4+ 45. Kh2 b5 46.
axb5 a4 47. Nc5 Qe1 48. Nd3 Qb1 49. Ne5 Qxb5 50. Nxf7 Qb2 51. Ne5+ Kg8 52. Kg2
a3 53. Nc4 Qb7+ 0-1

[Event "MFR_HT_2015"]
[Site "Nürnberg"]
[Date "2015.04.04"]
[Round "9.10"]
[White "Rausch, Wolfgang jr"]
[Black "Link, Andreas"]
[Result "1/2-1/2"]
[WhiteElo "2138"]
[BlackElo "1983"]
[PlyCount "83"]
[EventDate "2015.??.??"]
[WhiteTeam "SV Lauf"]
[BlackTeam "Zabo-Eintr Nürnberg"]

1. d4 Nf6 2. c4 g6 3. Nc3 d6 4. Nf3 Bg7 5. e4 O-O 6. Be2 Nbd7 7. O-O c6 8. Re1
Qc7 9. b4 e5 10. d5 a5 11. dxc6 bxc6 12. b5 Nc5 13. Bf1 Bb7 14. Nd2 cxb5 15.
Nxb5 Qc6 16. f3 Ne8 17. Nb1 f5 18. N1c3 fxe4 19. Nd5 Kh8 20. fxe4 Nf6 21. Nbc3
Nh5 22. Rb1 Rad8 23. g3 Ne6 24. Rb6 Qd7 25. Bh3 Bc8 26. Ba3 Qe8 27. Bxe6 Qxe6
28. Qe2 Rf7 29. Rbb1 Rdf8 30. Rf1 Ba6 31. Rxf7 Qxf7 32. Nb5 Bxb5 33. cxb5 Rd8
34. b6 Qb7 35. Qc4 Rc8 36. Qb5 Nf6 37. Rc1 Rxc1+ 38. Bxc1 h6 39. Qc4 Nxd5 40.
Qxd5 Qxb6+ 41. Kg2 Qb1 42. Ba3 1/2-1/2

[Event "MFR_HT_2015"]
[Site "Nürnberg"]
[Date "2015.04.04"]
[Round "9.11"]
[White "Rausch, Wolfgang sr"]
[Black "Vogiatzis, Dimitrios"]
[Result "0-1"]
[WhiteElo "1881"]
[BlackElo "2086"]
[PlyCount "76"]
[EventDate "2015.??.??"]
[WhiteTeam "SW Nürnberg Süd"]
[BlackTeam "SC NT Nürnberg"]

1. c4 e5 2. Nc3 Nc6 3. Nf3 f5 4. d4 e4 5. d5 exf3 6. dxc6 fxg2 7. cxd7+ Bxd7 8.
Bxg2 c6 9. Bf4 Nf6 10. Qb3 Qb6 11. Qxb6 axb6 12. O-O Bb4 13. Rfc1 Be6 14. b3
Kf7 15. a4 Rhe8 16. e3 h6 17. Ne2 g5 18. Bc7 Nd7 19. Nd4 Rec8 20. Bg3 Kf6 21.
Nxe6 Kxe6 22. Rab1 Nf6 23. Rd1 Ne4 24. Bxe4 fxe4 25. Rd4 Kf5 26. Rbd1 h5 27. h4
gxh4 28. Bxh4 Rg8+ 29. Kf1 Rg4 30. Bg3 h4 31. Bc7 Rag8 32. Ke2 Rg1 33. Bh2 Rxd1
34. Rxd1 Rg2 35. Bf4 h3 36. Rh1 Kg4 37. Kf1 Be7 38. Bg3 Bg5 0-1

[Event "MFR_HT_2015"]
[Site "Nürnberg"]
[Date "2015.04.04"]
[Round "9.12"]
[White "Balhar, Michael"]
[Black "Böhme, Markus"]
[Result "1/2-1/2"]
[WhiteElo "1779"]
[BlackElo "1849"]
[PlyCount "78"]
[EventDate "2015.??.??"]
[WhiteTeam "SC Erlangen"]
[BlackTeam "SC Uttenreuth"]

1. d4 Nf6 2. c4 e5 3. dxe5 Ng4 4. Bf4 Nc6 5. Nf3 Bb4+ 6. Nbd2 Qe7 7. a3 Ngxe5
8. Nxe5 Bxd2+ 9. Qxd2 Nxe5 10. e3 d6 11. Bxe5 dxe5 12. e4 Be6 13. Qc3 f6 14. c5
O-O 15. Bc4 Rad8 16. Rd1 Rxd1+ 17. Kxd1 Rd8+ 18. Ke2 Rd4 19. Bd3 Qf7 20. f3 g5
21. g4 h5 22. h3 h4 23. Rd1 Qd7 24. b4 a6 25. Bc2 Rxd1 26. Bxd1 Qb5+ 27. Kf2
Qd7 28. Bb3 Kf7 29. Bxe6+ Kxe6 30. Qc4+ Ke7 31. Ke3 Qd1 32. Qg8 Qe1+ 33. Kd3
Qb1+ 34. Ke2 Qc2+ 35. Ke3 Qc3+ 36. Ke2 Qb2+ 37. Ke1 Qc3+ 38. Ke2 Qb2+ 39. Ke1
Qc1+ 1/2-1/2

[Event "MFR_HT_2015"]
[Site "Nürnberg"]
[Date "2015.04.04"]
[Round "9.13"]
[White "Schlötterer, Hermann"]
[Black "Konsek, Peter"]
[Result "0-1"]
[WhiteElo "1911"]
[BlackElo "2075"]
[PlyCount "60"]
[EventDate "2015.??.??"]
[WhiteTeam "Zabo-Eintr Nürnberg"]
[BlackTeam "SW Nürnberg Süd"]

1. d4 Nf6 2. g3 c5 3. d5 e6 4. c4 exd5 5. cxd5 d6 6. Bg2 g6 7. Nf3 Bg7 8. O-O
O-O 9. Nc3 Re8 10. Re1 a6 11. a4 Ne4 12. Nxe4 Rxe4 13. Ng5 Rb4 14. Ra3 Nd7 15.
Ne4 Nf6 16. Bg5 Bf5 17. Nxf6+ Bxf6 18. Bxf6 Qxf6 19. Rb3 Rd4 20. Qc1 Rb8 21. e4
Bd7 22. e5 dxe5 23. Qxc5 Rc8 24. Qa7 Bg4 25. f3 Rc2 26. Qb8+ Kg7 27. Rbe3 Rdd2
28. Bf1 Bxf3 29. Qxe5 Qxe5 30. Rxe5 Rxh2 0-1

[Event "MFR_HT_2015"]
[Site "Nürnberg"]
[Date "2015.04.04"]
[Round "9.14"]
[White "Planner, Jörg"]
[Black "Drees, Martin"]
[Result "1/2-1/2"]
[WhiteElo "1847"]
[BlackElo "1942"]
[PlyCount "57"]
[EventDate "2015.??.??"]
[WhiteTeam "SC Heilsbronn"]
[BlackTeam "TSV Cadolzburg"]

1. Nf3 Nc6 2. d4 d5 3. c4 e5 4. dxe5 d4 5. g3 Bc5 6. Bg2 Nge7 7. O-O Ng6 8.
Nbd2 a6 9. Ne4 Be7 10. Bf4 Bg4 11. Qb3 Rb8 12. Rad1 Bxf3 13. Qxf3 Ncxe5 14.
Bxe5 Nxe5 15. Qb3 O-O 16. e3 c5 17. exd4 cxd4 18. Rfe1 b5 19. cxb5 Rxb5 20. Qa4
Qb6 21. Qxd4 Qxd4 22. Rxd4 Rxb2 23. Ra4 Bb4 24. Re3 f5 25. Rb3 Rxb3 26. axb3 a5
27. Ng5 h6 28. Ne6 Rc8 29. Ra1 1/2-1/2